International law and world order problems / (Record no. 12119)

MARC details
000 -LEADER
fixed length control field 00702cam a22002172 4500
001 - CONTROL NUMBER
control field 0000019970
005 - DATE AND TIME OF LATEST TRANSACTION
control field 20151217155227.0
008 - FIXED-LENGTH DATA ELEMENTS--GENERAL INFORMATION
fixed length control field 110405s xx 000 0 eng d
020 ## - INTERNATIONAL STANDARD BOOK NUMBER
International Standard Book Number 9966854177 :
040 ## - CATALOGING SOURCE
Original cataloging agency Your Holding Symbol
Transcribing agency Your Holding Symbol
100 1# - MAIN ENTRY--PERSONAL NAME
Personal name Njenga, F. X.
-- 0000179996
245 10 - TITLE STATEMENT
Title International law and world order problems /
Statement of responsibility, etc. F. X. Njenga.
250 ## - EDITION STATEMENT
Edition statement 1st ed.
260 ## - PUBLICATION, DISTRIBUTION, ETC. (IMPRINT)
Place of publication, distribution, etc. Moi university, Eldoret :
Name of publisher, distributor, etc. Moi university press,
Date of publication, distribution, etc. 2001.
300 ## - PHYSICAL DESCRIPTION
Extent xxvi, 344 p.
650 #0 - SUBJECT ADDED ENTRY--TOPICAL TERM
Topical term or geographic name as entry element International organization.
-- 0000166859
650 #0 - SUBJECT ADDED ENTRY--TOPICAL TERM
Topical term or geographic name as entry element International law.
-- 0000158696
852 1# - LOCATION
-- p640 KES
908 ## - PUT COMMAND PARAMETER (RLIN)
Put command parameter 110405
950 ## - LOCAL HOLDINGS (RLIN)
-- 1
Holdings
Withdrawn status Lost status Source of classification or shelving scheme Not for loan Home library Current library Date acquired Total Checkouts Total Renewals Full call number Barcode Date last seen Date last checked out Price effective from Koha item type
    Library of Congress Classification   Kabarak, Main Campus Kabarak, Main Campus 17/12/2015 22 2 KZ3410 .N54 2001 c.1 21893 10/12/2023 21/11/2023 17/12/2015 General Collection
Designed with assistance from East African Informatics Ltd